Headhunting v personálnom manažmente diplomová práca

Na minha lista:
Detalhes bibliográficos
Autor principal: Kallo, Peter
Autor Corporativo: Fakulta podnikového manažmentu EU. Katedra manažmentu
Outros Autores: Szarková, Miroslava, 1951-
Formato: Livro
Idioma:eslovaco
Publicado em: Bratislava 2016
Tags: Adicionar Tag
Sem tags, seja o primeiro a adicionar uma tag!

MARC

LEADER 00000nbm a2200000 4500
001 0218445
005 20170222133939.8
041 0 |a slo 
044 |a SK 
245 1 0 |a Headhunting v personálnom manažmente  |b diplomová práca  |c Peter Kallo ; školiteľ: Miroslava Szarková 
264 1 |a Bratislava  |c 2016 
300 |a 77 s. 
100 1 |a Kallo, Peter 
700 1 |a Szarková, Miroslava, 1951- 
710 2 |a Fakulta podnikového manažmentu EU. Katedra manažmentu